Diálogos

Guardat en:
Dades bibliogràfiques
Autor principal: Platón (Autor)
Format: Llibre
Idioma:espanyol
Publicat: Barcelona Carabela 1970
Edició:1a. ed
Col·lecció:Colección Grandes Maestros, 67
Matèries:
Etiquetes: Afegir etiqueta
Sense etiquetes, Sigues el primer a etiquetar aquest registre!

MARC

LEADER 00000cam a2200000 a 4500
001 UCD5151
003 CL-VaPUC
008 160811e19700000sp |||||||||||||||||spa|d
082 0 4 |a 184  |b PLA  |2 21 
100 0 |a Platón  |e author  |9 222 
245 1 0 |a Diálogos 
246 1 0 |a Fedon, o de la inmortalidad del alma 
246 1 3 |a El banquete, o del amor 
246 1 0 |a Gorgias, o de la retórica 
250 |a 1a. ed 
300 |a 285 p 
942 |c BK 
945 |d 20160811 17:41:00  |a dcastane 
260 |a Barcelona  |b Carabela  |c 1970 
650 0 |a Platonismo  |9 265673 
650 0 |a Filosofía antigua   |9 255705 
583 |a last modification  |c 20160811 17:41:00  |k Rodrigo Vera 
490 0 |a Colección Grandes Maestros, 67 
999 |c 365901  |d 365899 
952 |0 0  |1 0  |3 erb  |4 0  |6 184_000000000000000_PLA_1970  |7 0  |8 R  |9 479872  |a BIBEDU  |b BIBEDU  |c MCIRC  |i 5336503  |o 184 PLA 1970  |p 5336503  |r 2023-01-13  |w 2019-11-24  |y BK_R  |z Catalogado en:20160811  |k EPE